000 00228nam a22000857a 4500
008 161129b xxu||||| |||| 00| 0 eng d
100 _91537
_aSeth.K
245 _aMinimum Specification for pre schools
260 _aNew delhi
_bNCERT
_c1996
999 _c4267
_d4267